The Who Was? Show Songs - Statistics

General Stats
  • This quiz has been taken 16 times
  • The average score is 2 of 19
Answer Stats
Answer % Correct
Faces On Money
40%
The Travels Of Marco Polo
40%
Amelia
20%
Head On A Pole
20%
How Long Can You Keep This Up?
20%
We Are Unstoppable
20%
Alone
0%
Ben Franklin
0%
Dumb Dumb
0%
Figure It Out
0%
Flying
0%
Just The Vegetables
0%
Patents
0%
Peanut Soup
0%
Relativity
0%
Shakespeare's Phrases
0%
Super Crazy
0%
That's Messed Up!
0%
The Heebie-Jeebie Dance
0%
No matching quizzes found
Score Distribution
Percent of People with Each Score
Percentile by Number Answered
Your Score History
You have not taken this quiz